[Event "WYCC 2018 G16"]
[Site "Halkidiki"]
[Date "2018.10.26"]
[Round "7"]
[White "Schulze, Lara"]
[Black "Jarocka, Liwia"]
[Result "0-1"]
[WhiteElo "2122"]
[BlackElo "1990"]
[Annotator "NA"]
[PlyCount "128"]
[EventDate "2018.10.20"]
[EventType "swiss"]
[EventCountry "GRE"]
[SourceTitle "playchess.com"]
[Source "ChessBase"]
[SourceQuality "1"]
[TimeControl "40/5400+30:1800+30"]

1. e4 {[%emt 0:00:00]} c5 {[%emt 0:00:00]} 2. Nf3 {[%emt 0:00:00]} d6 {[%emt 0:00:00]} 3. d4 {[%emt 0:00:00]} cxd4 {[%emt 0:00:00]} 4. Nxd4 {[%emt 0:00:00]} Nf6 {[%emt 0:00:00]} 5. Nc3 {[%emt 0:00:00]} Bd7 {[%emt 0:00:03]} 6. Bg5 {[%emt 0:00:57]} e6 {[%emt 0:00:26]} 7. Qd2 {[%emt 0:01:32]} a6 {[%emt 0:00:30]} 8. f4 {[%emt 0:05:03]} h6 {[%emt 0:06:41]} 9. Bxf6 {[%emt 0:09:56]} Qxf6 {[%emt 0:00:43]} 10. O-O-O {[%emt 0:04:39]} Nc6 {[%emt 0:01:10]} 11. Nf3 {[%emt 0:02:27]} Qd8 {[%emt 0:00:13]} 12. e5 {[%emt 0:04:56]} d5 {[%emt 0:12:07]} 13. f5 {[%emt 0:03:55]} Qa5 {[%emt 0:02:08]} 14. Kb1 {[%emt 0:12:17]} O-O-O {[%emt 0:00:43]} 15. fxe6 {[%emt 0:09:43]} Bxe6 {[%emt 0:00:53]} 16. Ne2 {[%emt 0:01:29]} Bb4 {[%emt 0:13:05]} 17. Qc1 {[%emt 0:06:46]} d4 {[%emt 0:08:46]} 18. a3 {[%emt 0:00:10]} Qd5 {[%emt 0:09:05]} 19. c4 {[%emt 0:06:59]} Qe4+ {[%emt 0:06:43]} 20. Ka1 {[%emt 0:00:35]} Be7 {[%emt 0:01:25]} 21. Ng3 {[%emt 0:05:43]} Qe3 {[%emt 0:01:09]} 22. Bd3 {[%emt 0:06:53]} Qxc1+ {[%emt 0:02:21]} 23. Rxc1 {[%emt 0:00:01]} g6 {[%emt 0:00:42]} 24. b4 {[%emt 0:03:19]} Bg4 {[%emt 0:00:56]} 25. Rce1 {[%emt 0:01:54]} h5 {[%emt 0:04:19]} 26. Nf1 {[%emt 0:08:40]} Rhe8 {[%emt 0:00:30]} 27. N1d2 {[%emt 0:00:45]} Bf8 {[%emt 0:01:10]} 28. Be4 {[%emt 0:01:08]} Bg7 {[%emt 0:03:41]} 29. Bxc6 {[%emt 0:01:02]} bxc6 {[%emt 0:00:05]} 30. Ng5 {[%emt 0:01:41]} Re7 {[%emt 0:04:54]} 31. Ka2 {[%emt 0:00:51]} Bxe5 {[%emt 0:06:20]} 32. h3 {[%emt 0:00:55]} Bf5 {[%emt 0:00:22]} 33. Nxf7 {[%emt 0:00:54]} Rxf7 {[%emt 0:00:48]} 34. Rxe5 {[%emt 0:00:04]} Bd3 {[%emt 0:00:23]} 35. Nf3 {[%emt 0:01:36]} Bxc4+ {[%emt 0:00:14]} 36. Kb2 {[%emt 0:00:02]} Bd5 {[%emt 0:04:45]} 37. Nxd4 {[%emt 0:00:58]} Bxg2 {[%emt 0:01:27]} 38. Rd1 {[%emt 0:00:23]} Rfd7 {[%emt 0:00:23]} 39. Kc3 {[%emt 0:00:07]} Bxh3 {[%emt 0:00:36]} 40. Rc5 {[%emt 0:00:00]} Kb7 {[%emt 0:00:00]} 41. Rh1 {[%emt 0:08:35]} Rxd4 {[%emt 0:00:47]} 42. Rxh3 {[%emt 0:00:12]} R8d5 {[%emt 0:01:25]} 43. Re3 {[%emt 0:02:37]} Rd1 {[%emt 0:02:35]} 44. Re7+ {[%emt 0:02:05]} Kb6 {[%emt 0:00:18]} 45. Re6 {[%emt 0:00:24]} Rc1+ {[%emt 0:04:30]} 46. Kb2 {[%emt 0:00:57]} Rcxc5 {[%emt 0:00:15]} 47. bxc5+ {[%emt 0:00:02]} Rxc5 {[%emt 0:00:15]} 48. Rxg6 {[%emt 0:00:05]} h4 {[%emt 0:00:21]} 49. Rh6 {[%emt 0:00:04]} Rc4 {[%emt 0:00:06]} 50. Kb3 {[%emt 0:01:17]} Rg4 {[%emt 0:00:23]} 51. a4 {[%emt 0:00:51]} a5 {[%emt 0:00:47]} 52. Ka3 {[%emt 0:00:47]} Rg3+ {[%emt 0:00:06]} 53. Kb2 {[%emt 0:00:05]} h3 {[%emt 0:00:06]} 54. Rh5 {[%emt 0:00:39]} Rf3 {[%emt 0:01:14]} 55. Kc2 {[%emt 0:00:28]} Rf2+ {[%emt 0:01:36]} 56. Kb3 {[%emt 0:00:54]} Rh2 {[%emt 0:00:18]} 57. Kc3 {[%emt 0:00:26]} Rh1 {[%emt 0:00:05]} 58. Kb3 {[%emt 0:00:03]} h2 {[%emt 0:00:50]} 59. Kb2 {[%emt 0:00:04]} c5 {[%emt 0:00:07]} 60. Rh6+ {[%emt 0:00:14]} Kc7 {[%emt 0:00:09]} 61. Rh7+ {[%emt 0:00:30]} Kd6 {[%emt 0:00:06]} 62. Rh6+ {[%emt 0:00:05]} Kd5 {[%emt 0:00:20]} 63. Rh5+ {[%emt 0:00:10]} Ke4 {[%emt 0:00:30]} 64. Rxc5 {[%emt 0:02:41]} Rg1 {[%emt 0:00:12]} 0-1

[Event "WYCC 2018 G16"]
[Site "Halkidiki"]
[Date "2018.10.26"]
[Round "7"]
[White "Grigorieva, Yulia"]
[Black "Zhang, Xiao"]
[Result "0-1"]
[WhiteElo "2112"]
[BlackElo "1980"]
[Annotator "NA"]
[PlyCount "104"]
[EventDate "2018.10.20"]
[EventType "swiss"]
[EventCountry "GRE"]
[SourceTitle "playchess.com"]
[Source "ChessBase"]
[SourceQuality "1"]
[TimeControl "40/5400+30:1800+30"]

1. d4 {[%emt 0:00:00]} d5 {[%emt 0:00:00]} 2. c4 {[%emt 0:00:00]} dxc4 {[%emt 0:00:00]} 3. e3 {[%emt 0:00:00]} Nf6 {[%emt 0:00:00]} 4. Bxc4 {[%emt 0:00:00]} e6 {[%emt 0:00:00]} 5. Nf3 {[%emt 0:00:19]} c5 {[%emt 0:00:00]} 6. O-O {[%emt 0:01:07]} Nc6 {[%emt 0:00:03]} 7. Qe2 {[%emt 0:07:09]} a6 {[%emt 0:00:46]} 8. a4 {[%emt 0:01:35]} cxd4 {[%emt 0:00:37]} 9. Rd1 {[%emt 0:00:35]} Be7 {[%emt 0:00:21]} 10. exd4 {[%emt 0:00:13]} O-O {[%emt 0:00:08]} 11. Nc3 $11 {[%emt 0:00:25] LiveBook: 773 Games} Nb4 {[%emt 0:00:31]} 12. Ne5 {[%emt 0:01:07]} Bd7 {[%emt 0:03:20]} 13. Bg5 {[%emt 0:00:35]} Rc8 {[%emt 0:00:56]} 14. Bxf6 {[%emt 0:12:37]} Bxf6 {[%emt 0:02:05]} 15. Ne4 {[%emt 0:06:45]} Bc6 {[%emt 0:06:48]} 16. Nc5 {[%emt 0:08:39]} Qe7 {[%emt 0:02:07]} 17. Ra3 {[%emt 0:13:42]} Rfd8 {[%emt 0:11:12]} 18. Nxf7 {[%emt 0:21:22]} Kxf7 {[%emt 0:00:59]} 19. Qh5+ {[%emt 0:02:45]} Kg8 {[%emt 0:01:45]} 20. Bxe6+ {[%emt 0:02:58]} Kh8 {[%emt 0:00:15]} 21. Rh3 {[%emt 0:04:37]} h6 {[%emt 0:06:52]} 22. Bxc8 {[%emt 0:09:46]} Rxc8 {[%emt 0:00:43]} 23. Re3 {[%emt 0:01:12]} Qd6 {[%emt 0:01:59]} 24. Qg6 {[%emt 0:02:21]} Qd5 {[%emt 0:03:17]} 25. Ne6 {[%emt 0:01:45]} Be8 {[%emt 0:03:16]} 26. Qg3 {[%emt 0:00:29]} Bxa4 {[%emt 0:00:58]} 27. Rde1 {[%emt 0:00:41]} Nc2 {[%emt 0:02:10]} 28. Rc1 {[%emt 0:00:32]} Rg8 {[%emt 0:01:39]} 29. b3 {[%emt 0:00:34]} Nxe3 {[%emt 0:00:36]} 30. Nf4 {[%emt 0:00:29]} Qg5 {[%emt 0:00:49]} 31. Qxe3 {[%emt 0:00:28]} Re8 {[%emt 0:01:05]} 32. h4 {[%emt 0:00:31]} Qg4 {[%emt 0:00:59]} 33. Qd2 {[%emt 0:00:25]} Bxb3 {[%emt 0:01:12]} 34. Rb1 {[%emt 0:00:14]} Re4 {[%emt 0:02:18]} 35. g3 {[%emt 0:00:46]} Rxd4 {[%emt 0:00:11]} 36. Qe3 {[%emt 0:00:32]} Bc2 {[%emt 0:01:31]} 37. Rxb7 {[%emt 0:00:27]} Be4 {[%emt 0:00:13]} 38. Rb8+ {[%emt 0:00:08]} Kh7 {[%emt 0:00:02]} 39. Kh2 {[%emt 0:00:59]} Qf3 {[%emt 0:00:23]} 40. Qxf3 {[%emt 0:00:00]} Bxf3 {[%emt 0:00:00]} 41. Rb6 {[%emt 0:04:36]} Rd1 {[%emt 0:00:32]} 42. Ng2 {[%emt 0:00:09]} Bxg2 {[%emt 0:00:21]} 43. Kxg2 {[%emt 0:00:07]} a5 {[%emt 0:00:02]} 44. Ra6 {[%emt 0:00:07]} Ra1 {[%emt 0:00:17]} 45. Kh3 {[%emt 0:02:42]} a4 {[%emt 0:00:06]} 46. g4 {[%emt 0:00:04]} a3 {[%emt 0:00:07]} 47. g5 {[%emt 0:00:16]} hxg5 {[%emt 0:00:07]} 48. Kg4 {[%emt 0:00:04]} gxh4 {[%emt 0:00:35]} 49. f4 {[%emt 0:00:11]} a2 {[%emt 0:00:04]} 50. f5 {[%emt 0:00:07]} Rg1+ {[%emt 0:00:04]} 51. Kh5 {[%emt 0:00:12]} Rg5+ {[%emt 0:00:41]} 52. Kxh4 {[%emt 0:00:05]} Rxf5+ 0-1

[Event "WYCC 2018 G16"]
[Site "Halkidiki"]
[Date "2018.10.26"]
[Round "7"]
[White "Rudzinska, Michalina"]
[Black "Berdnyk, Mariia"]
[Result "1-0"]
[WhiteElo "2073"]
[BlackElo "2179"]
[Annotator "NA"]
[PlyCount "89"]
[EventDate "2018.10.20"]
[EventType "swiss"]
[EventCountry "GRE"]
[SourceTitle "playchess.com"]
[Source "ChessBase"]
[SourceQuality "1"]
[TimeControl "40/5400+30:1800+30"]

1. e4 {[%emt 0:00:00]} c5 {[%emt 0:00:00]} 2. Nf3 {[%emt 0:00:00]} d6 {[%emt 0:00:00]} 3. d4 {[%emt 0:00:00]} cxd4 {[%emt 0:00:00]} 4. Nxd4 {[%emt 0:00:00]} Nf6 {[%emt 0:00:00]} 5. Nc3 {[%emt 0:00:04]} g6 {[%emt 0:00:00]} 6. h3 {[%emt 0:00:08]} Bg7 {[%emt 0:00:00]} 7. Bc4 {[%emt 0:00:07]} O-O {[%emt 0:00:15]} 8. O-O {[%emt 0:00:10]} a6 {[%emt 0:03:26]} 9. Re1 {[%emt 0:00:54]} b5 {[%emt 0:03:44]} 10. Bb3 {[%emt 0:00:12]} Bb7 {[%emt 0:00:50]} 11. Bg5 {[%emt 0:01:18]} Nbd7 $11 {[%emt 0:09:28] LiveBook: 18 Partien} 12. Nd5 {[%emt 0:02:03]} Nc5 {[%emt 0:01:57]} 13. c4 {[%emt 0:19:09]} bxc4 {[%emt 0:05:46]} 14. Bxc4 {[%emt 0:01:46]} e6 {[%emt 0:01:58]} 15. Nxf6+ {[%emt 0:06:22]} Bxf6 {[%emt 0:00:07]} 16. Bxf6 {[%emt 0:00:09]} Qxf6 {[%emt 0:00:04]} 17. f3 {[%emt 0:00:42]} Rac8 {[%emt 0:06:46]} 18. Rc1 {[%emt 0:00:35]} Rfd8 {[%emt 0:01:08]} 19. b4 {[%emt 0:02:10]} Nd7 {[%emt 0:05:17]} 20. Nb3 {[%emt 0:04:26]} d5 {[%emt 0:07:01]} 21. Na5 {[%emt 0:05:22]} Ba8 {[%emt 0:05:14]} 22. Bxa6 {[%emt 0:19:19]} Rxc1 {[%emt 0:00:17]} 23. Qxc1 {[%emt 0:00:06]} dxe4 {[%emt 0:02:42]} 24. Nc6 {[%emt 0:12:45]} exf3 {[%emt 0:08:27]} 25. Rd1 {[%emt 0:00:36]} f2+ {[%emt 0:16:37]} 26. Kf1 {[%emt 0:00:22]} e5 {[%emt 0:02:21]} 27. b5 {[%emt 0:03:24]} Re8 {[%emt 0:01:22]} 28. Rxd7 {[%emt 0:00:58]} e4 {[%emt 0:00:08]} 29. Qe3 {[%emt 0:05:03]} Bxc6 {[%emt 0:02:50]} 30. bxc6 {[%emt 0:00:06]} Qxc6 {[%emt 0:00:08]} 31. Ra7 {[%emt 0:00:26]} Rd8 {[%emt 0:03:21]} 32. Be2 {[%emt 0:01:15]} Rb8 {[%emt 0:02:25]} 33. Kxf2 {[%emt 0:04:52]} Qf6+ {[%emt 0:04:42]} 34. Kg3 {[%emt 0:00:59]} Rb2 {[%emt 0:00:25]} 35. Kh2 {[%emt 0:04:56]} Qd6+ {[%emt 0:01:27]} 36. Kg1 {[%emt 0:00:47]} Rb1+ {[%emt 0:01:02]} 37. Bf1 {[%emt 0:00:25]} Qd1 {[%emt 0:01:59]} 38. Qf2 {[%emt 0:03:37]} f5 {[%emt 0:00:14]} 39. Re7 {[%emt 0:01:25]} Ra1 {[%emt 0:03:17]} 40. g4 {[%emt 0:00:00]} Qc1 {[%emt 0:00:00]} 41. Rb7 {[%emt 0:08:38]} f4 {[%emt 0:10:37]} 42. Rb8+ {[%emt 0:01:27]} Kg7 {[%emt 0:03:06]} 43. Qa7+ {[%emt 0:01:07]} Kh6 {[%emt 0:00:43]} 44. g5+ {[%emt 0:00:12]} Kxg5 {[%emt 0:00:26]} 45. Qe7+ {[%emt 0:00:24]} 1-0

[Event "WYCC 2018 G16"]
[Site "Halkidiki"]
[Date "2018.10.26"]
[Round "7"]
[White "Srdanovic, Jovana"]
[Black "Maltsevskaya, Aleksandra"]
[Result "1/2-1/2"]
[WhiteElo "2072"]
[BlackElo "2290"]
[Annotator "NA"]
[PlyCount "53"]
[EventDate "2018.10.20"]
[EventType "swiss"]
[EventCountry "GRE"]
[SourceTitle "playchess.com"]
[Source "ChessBase"]
[SourceQuality "1"]
[TimeControl "40/5400+30:1800+30"]

1. d4 {[%emt 0:00:00]} d5 {[%emt 0:00:00]} 2. c4 {[%emt 0:00:00]} e6 {[%emt 0:00:00]} 3. Nf3 {[%emt 0:00:05]} Nf6 {[%emt 0:01:18]} 4. Nc3 {[%emt 0:02:35]} c6 {[%emt 0:01:27]} 5. e3 {[%emt 0:01:20]} Nbd7 {[%emt 0:00:20]} 6. Qc2 {[%emt 0:00:27]} Bd6 {[%emt 0:01:23]} 7. b3 {[%emt 0:00:48]} O-O {[%emt 0:01:12]} 8. Bd3 {[%emt 0:00:33]} Qe7 {[%emt 0:02:33]} 9. Bb2 {[%emt 0:13:05]} e5 {[%emt 0:07:10]} 10. cxd5 {[%emt 0:06:03]} cxd5 {[%emt 0:00:53]} 11. dxe5 {[%emt 0:01:00]} Nxe5 {[%emt 0:00:05]} 12. Nxe5 {[%emt 0:01:10]} Bxe5 {[%emt 0:00:29]} 13. Ne2 {[%emt 0:04:08]} Bg4 {[%emt 0:35:28]} 14. Bxe5 {[%emt 0:25:07]} Qxe5 {[%emt 0:00:09]} 15. Nd4 {[%emt 0:01:51]} Bh5 {[%emt 0:11:11]} 16. h3 {[%emt 0:06:51]} Rac8 {[%emt 0:03:16]} 17. Qb2 {[%emt 0:01:24]} Bg6 {[%emt 0:01:45]} 18. Bxg6 {[%emt 0:02:20]} hxg6 {[%emt 0:00:07]} 19. O-O {[%emt 0:02:27]} g5 {[%emt 0:01:52]} 20. Qe2 {[%emt 0:03:01]} g6 {[%emt 0:06:45]} 21. Rac1 {[%emt 0:06:10]} Ne4 {[%emt 0:03:41]} 22. Nf3 {[%emt 0:03:59]} Qe6 {[%emt 0:03:19]} 23. Qd3 {[%emt 0:01:36]} a6 {[%emt 0:02:46]} 24. Qd4 {[%emt 0:01:08]} Rxc1 {[%emt 0:10:04]} 25. Rxc1 {[%emt 0:00:05]} Rc8 {[%emt 0:00:09]} 26. Qa1 {[%emt 0:01:35]} g4 {[%emt 0:01:44]} 27. hxg4 {[%emt 0:02:19]} 1/2-1/2

[Event "WYCC 2018 G16"]
[Site "Halkidiki"]
[Date "2018.10.26"]
[Round "7"]
[White "Urh, Zala"]
[Black "Goltseva, Ekaterina"]
[Result "1-0"]
[WhiteElo "2066"]
[BlackElo "2169"]
[Annotator "NA"]
[PlyCount "131"]
[EventDate "2018.10.20"]
[EventType "swiss"]
[EventCountry "GRE"]
[SourceTitle "playchess.com"]
[Source "ChessBase"]
[SourceQuality "1"]
[TimeControl "40/5400+30:1800+30"]

1. d4 {[%emt 0:00:00]} Nf6 {[%emt 0:00:00]} 2. c4 {[%emt 0:00:00]} e6 {[%emt 0:00:00]} 3. Nc3 {[%emt 0:00:00]} d5 {[%emt 0:00:19]} 4. Nf3 {[%emt 0:00:34]} dxc4 {[%emt 0:00:21]} 5. e3 {[%emt 0:02:55]} a6 {[%emt 0:01:05]} 6. Bxc4 {[%emt 0:01:34]} b5 {[%emt 0:01:00]} 7. Bb3 {[%emt 0:03:38]} Bb7 {[%emt 0:01:34]} 8. O-O {[%emt 0:00:26]} c5 {[%emt 0:02:28]} 9. Qe2 {[%emt 0:03:43]} Nbd7 {[%emt 0:03:22]} 10. Rd1 {[%emt 0:01:47]} Qb8 {[%emt 0:05:33]} 11. d5 {[%emt 0:03:56]} c4 {[%emt 0:07:32]} 12. dxe6 {[%emt 0:00:32]} fxe6 {[%emt 0:00:09]} 13. Bc2 {[%emt 0:00:19]} Bc5 {[%emt 0:21:44]} 14. b3 {[%emt 0:13:03]} O-O {[%emt 0:10:27]} 15. bxc4 {[%emt 0:03:54]} Ne5 {[%emt 0:13:38]} 16. Nd4 {[%emt 0:10:03]} Neg4 {[%emt 0:07:17]} 17. g3 {[%emt 0:06:48]} Nxh2 {[%emt 0:17:38]} 18. Kxh2 {[%emt 0:19:10]} Ng4+ {[%emt 0:00:08]} 19. Qxg4 {[%emt 0:00:15]} Rxf2+ {[%emt 0:00:03]} 20. Kg1 {[%emt 0:00:22]} Rg2+ {[%emt 0:00:36]} 21. Kf1 {[%emt 0:00:10]} Qf8+ {[%emt 0:01:09]} 22. Bf5 {[%emt 0:10:32]} exf5 {[%emt 0:01:09]} 23. Nxf5 {[%emt 0:00:55]} h5 {[%emt 0:02:17]} 24. Qg6 {[%emt 0:02:57]} Rxg3 {[%emt 0:01:35]} 25. Qxg3 {[%emt 0:01:24]} Qxf5+ {[%emt 0:00:03]} 26. Ke2 {[%emt 0:00:07]} bxc4 {[%emt 0:00:57]} 27. Rb1 {[%emt 0:02:15]} Bc6 {[%emt 0:00:49]} 28. Rb8+ {[%emt 0:00:44]} Rxb8 {[%emt 0:00:19]} 29. Qxb8+ {[%emt 0:00:01]} Kh7 {[%emt 0:00:08]} 30. Qb1 {[%emt 0:00:09]} Bf3+ {[%emt 0:00:59]} 31. Ke1 {[%emt 0:01:57]} Qxb1 {[%emt 0:00:16]} 32. Nxb1 {[%emt 0:00:01]} Bxd1 {[%emt 0:00:49]} 33. Kxd1 {[%emt 0:00:00]} Kg6 {[%emt 0:00:21]} 34. Ke2 {[%emt 0:02:19]} Kf5 {[%emt 0:00:24]} 35. Kf3 {[%emt 0:00:29]} Bb4 {[%emt 0:00:46]} 36. e4+ {[%emt 0:02:01]} Ke6 {[%emt 0:00:25]} 37. Nd2 {[%emt 0:03:42]} c3 {[%emt 0:00:30]} 38. Nb3 {[%emt 0:00:01]} Be7 {[%emt 0:00:37]} 39. Nd4+ {[%emt 0:00:39]} Kf6 {[%emt 0:00:26]} 40. Ne2 {[%emt 0:00:00]} Bb4 {[%emt 0:00:00]} 41. Be3 {[%emt 0:08:50]} Kf7 {[%emt 0:05:12]} 42. Kf4 {[%emt 0:03:49]} g6 {[%emt 0:03:13]} 43. e5 {[%emt 0:06:32]} h4 {[%emt 0:08:11]} 44. Ke4 {[%emt 0:05:36]} h3 {[%emt 0:02:20]} 45. Bf4 {[%emt 0:01:08]} g5 {[%emt 0:08:31]} 46. Bh2 {[%emt 0:00:27]} Kg6 {[%emt 0:04:44]} 47. Kd3 {[%emt 0:04:03]} Kf5 {[%emt 0:01:09]} 48. Nxc3 {[%emt 0:02:36]} Bc5 {[%emt 0:01:02]} 49. Ne4 {[%emt 0:01:30]} Bb6 {[%emt 0:00:32]} 50. Nd6+ {[%emt 0:00:26]} Ke6 {[%emt 0:00:16]} 51. Ke4 {[%emt 0:00:30]} Bf2 {[%emt 0:00:39]} 52. Nf5 {[%emt 0:05:45]} Kd7 {[%emt 0:00:45]} 53. Nd4 {[%emt 0:00:57]} Ke7 {[%emt 0:00:24]} 54. Ne2 {[%emt 0:00:37]} Ke6 {[%emt 0:00:16]} 55. Ng1 {[%emt 0:00:25]} g4 {[%emt 0:00:28]} 56. Ne2 {[%emt 0:00:01]} Be1 {[%emt 0:00:43]} 57. Kf4 {[%emt 0:00:57]} g3 {[%emt 0:00:38]} 58. Bxg3 {[%emt 0:00:38]} Ba5 {[%emt 0:00:31]} 59. Kg4 {[%emt 0:00:38]} Bc7 {[%emt 0:00:24]} 60. Nf4+ {[%emt 0:00:26]} Kf7 {[%emt 0:00:36]} 61. Nxh3 {[%emt 0:00:13]} Ke6 {[%emt 0:00:26]} 62. Ng5+ {[%emt 0:00:05]} Kd5 {[%emt 0:00:18]} 63. Kf5 {[%emt 0:00:17]} Kc4 {[%emt 0:00:27]} 64. e6 {[%emt 0:00:16]} Bd8 {[%emt 0:00:02]} 65. Bd6 {[%emt 0:00:28]} Kd5 {[%emt 0:00:13]} 66. e7 {[%emt 0:00:06]} 1-0

[Event "WYCC 2018 G16"]
[Site "Halkidiki"]
[Date "2018.10.26"]
[Round "7"]
[White "Meenal Gupta"]
[Black "Gomez Barrera, Javiera Belen"]
[Result "1/2-1/2"]
[WhiteElo "2065"]
[BlackElo "2136"]
[Annotator "NA"]
[PlyCount "87"]
[EventDate "2018.10.20"]
[EventType "swiss"]
[EventCountry "GRE"]
[SourceTitle "playchess.com"]
[Source "ChessBase"]
[SourceQuality "1"]
[TimeControl "40/5400+30:1800+30"]

1. e4 {[%emt 0:00:00]} e5 {[%emt 0:00:00]} 2. Nf3 {[%emt 0:00:00]} Nc6 {[%emt 0:00:00]} 3. Bb5 {[%emt 0:00:00]} a6 {[%emt 0:00:00]} 4. Ba4 {[%emt 0:00:00]} Nf6 {[%emt 0:00:03]} 5. O-O {[%emt 0:00:00]} Be7 {[%emt 0:00:27]} 6. Re1 {[%emt 0:00:00]} b5 {[%emt 0:00:20]} 7. Bb3 {[%emt 0:00:09]} d6 {[%emt 0:00:22]} 8. c3 {[%emt 0:00:06]} O-O {[%emt 0:00:11]} 9. h3 {[%emt 0:00:02]} Bb7 {[%emt 0:00:17]} 10. d4 {[%emt 0:00:12]} Re8 {[%emt 0:00:22]} 11. Nbd2 {[%emt 0:00:57]} h6 {[%emt 0:00:30]} 12. Nf1 {[%emt 0:05:03]} Bf8 {[%emt 0:00:37]} 13. Ng3 {[%emt 0:03:40]} Na5 {[%emt 0:00:37]} 14. Bc2 {[%emt 0:00:08]} Nc4 {[%emt 0:00:12]} 15. Nh2 {[%emt 0:18:08]} d5 {[%emt 0:17:38]} 16. b3 {[%emt 0:08:02]} Na3 {[%emt 0:36:00]} 17. dxe5 {[%emt 0:07:11]} Nxc2 {[%emt 0:01:00]} 18. Qxc2 {[%emt 0:00:08]} Nxe4 {[%emt 0:00:52]} 19. Nxe4 {[%emt 0:02:14]} dxe4 {[%emt 0:00:01]} 20. Bf4 {[%emt 0:00:22]} Bc5 {[%emt 0:05:21]} 21. Nf1 {[%emt 0:08:17]} Qh4 {[%emt 0:07:39]} 22. Bg3 {[%emt 0:00:24]} Qg5 {[%emt 0:01:52]} 23. b4 {[%emt 0:00:20]} Bb6 {[%emt 0:00:58]} 24. a4 {[%emt 0:03:59]} bxa4 {[%emt 0:14:05]} 25. Rxa4 {[%emt 0:02:43]} a5 {[%emt 0:06:48]} 26. bxa5 {[%emt 0:06:32]} Rxa5 {[%emt 0:01:41]} 27. Rxa5 {[%emt 0:01:47]} Bxa5 {[%emt 0:00:06]} 28. Qa4 {[%emt 0:03:46]} Ra8 {[%emt 0:00:20]} 29. Qb3 {[%emt 0:00:32]} Bb6 {[%emt 0:02:50]} 30. e6 {[%emt 0:00:40]} fxe6 {[%emt 0:00:18]} 31. Qxe6+ {[%emt 0:00:16]} Kh8 {[%emt 0:00:45]} 32. Ne3 {[%emt 0:02:22]} Rf8 {[%emt 0:02:15]} 33. c4 {[%emt 0:03:53]} h5 {[%emt 0:01:27]} 34. h4 {[%emt 0:02:09]} Qf6 {[%emt 0:00:23]} 35. Qxf6 {[%emt 0:00:29]} Rxf6 {[%emt 0:00:01]} 36. Nd5 {[%emt 0:05:19]} Bxd5 {[%emt 0:00:05]} 37. cxd5 {[%emt 0:00:09]} Rf5 {[%emt 0:00:05]} 38. Rd1 {[%emt 0:02:45]} e3 {[%emt 0:01:52]} 39. fxe3 {[%emt 0:00:05]} Bxe3+ {[%emt 0:00:01]} 40. Kh2 {[%emt 0:00:00]} Bf4 {[%emt 0:00:00]} 41. Bxf4 {[%emt 0:04:57]} Rxf4 {[%emt 0:00:24]} 42. Kh3 {[%emt 0:00:08]} Kh7 {[%emt 0:04:57]} 43. d6 {[%emt 0:00:43]} cxd6 {[%emt 0:00:07]} 44. Rxd6 {[%emt 0:00:02]} 1/2-1/2

[Event "WYCC 2018 G16"]
[Site "Halkidiki"]
[Date "2018.10.26"]
[Round "7"]
[White "Aubert, Estee"]
[Black "Sanskriti Goyal"]
[Result "0-1"]
[WhiteElo "2064"]
[BlackElo "1971"]
[Annotator "NA"]
[PlyCount "52"]
[EventDate "2018.10.20"]
[EventType "swiss"]
[EventCountry "GRE"]
[SourceTitle "playchess.com"]
[Source "ChessBase"]
[SourceQuality "1"]
[TimeControl "40/5400+30:1800+30"]

1. d4 {[%emt 0:00:00]} Nf6 {[%emt 0:00:00]} 2. c4 {[%emt 0:00:00]} e6 {[%emt 0:00:12]} 3. Nf3 {[%emt 0:00:21]} b6 {[%emt 0:00:19]} 4. Nc3 {[%emt 0:00:47]} Bb7 {[%emt 0:00:32]} 5. Bf4 {[%emt 0:07:26]} Bb4 {[%emt 0:17:26]} 6. a3 {[%emt 0:05:14]} Bxc3+ {[%emt 0:00:23]} 7. bxc3 {[%emt 0:00:03]} Nc6 {[%emt 0:03:45]} 8. e3 {[%emt 0:02:31]} d6 {[%emt 0:01:46]} 9. Be2 {[%emt 0:03:48]} Qe7 {[%emt 0:06:39]} 10. O-O {[%emt 0:03:17]} e5 {[%emt 0:03:46]} 11. Bg3 {[%emt 0:01:37]} O-O {[%emt 0:02:20]} 12. Qc2 {[%emt 0:03:27]} e4 {[%emt 0:07:25]} 13. Nd2 {[%emt 0:01:33]} Rae8 {[%emt 0:00:14]} 14. Bh4 {[%emt 0:02:28]} Nb8 {[%emt 0:03:45]} 15. Kh1 {[%emt 0:03:05]} Nbd7 {[%emt 0:04:18]} 16. f4 {[%emt 0:03:18]} exf3 {[%emt 0:02:18]} 17. Bxf3 {[%emt 0:00:11]} Bxf3 {[%emt 0:00:06]} 18. Rxf3 {[%emt 0:00:24]} Qe6 {[%emt 0:03:08]} 19. Qd3 {[%emt 0:07:29]} Ne4 {[%emt 0:07:24]} 20. Nb3 {[%emt 0:10:16]} Qh6 {[%emt 0:06:24]} 21. Bg3 {[%emt 0:03:42]} Ndf6 {[%emt 0:03:14]} 22. Raf1 {[%emt 0:06:35]} Ng4 {[%emt 0:02:19]} 23. Bf4 {[%emt 0:01:18]} g5 {[%emt 0:00:28]} 24. h3 {[%emt 0:05:00]} gxf4 {[%emt 0:01:49]} 25. Rxf4 {[%emt 0:02:07]} Qxf4 {[%emt 0:01:24]} 26. hxg4 {[%emt 0:02:33]} Qxf1+ {[%emt 0:00:26]} 0-1

[Event "WYCC 2018 G16"]
[Site "Halkidiki"]
[Date "2018.10.26"]
[Round "7"]
[White "Gombocz, Zsofia"]
[Black "Shanya Mishra"]
[Result "1-0"]
[WhiteElo "2038"]
[BlackElo "1924"]
[Annotator "NA"]
[PlyCount "67"]
[EventDate "2018.10.20"]
[EventType "swiss"]
[EventCountry "GRE"]
[SourceTitle "playchess.com"]
[Source "ChessBase"]
[SourceQuality "1"]
[TimeControl "40/5400+30:1800+30"]

1. e4 {[%emt 0:00:00]} c5 {[%emt 0:00:03]} 2. Nf3 {[%emt 0:00:00]} d6 {[%emt 0:00:19]} 3. Bb5+ {[%emt 0:00:00]} Bd7 {[%emt 0:01:19]} 4. Bxd7+ {[%emt 0:00:00]} Qxd7 {[%emt 0:00:41]} 5. c4 {[%emt 0:00:12]} Nf6 {[%emt 0:00:45]} 6. Nc3 {[%emt 0:00:22]} g6 {[%emt 0:00:35]} 7. d4 {[%emt 0:00:24]} cxd4 {[%emt 0:01:06]} 8. Nxd4 {[%emt 0:00:18]} Bg7 {[%emt 0:00:20]} 9. h3 {[%emt 0:00:54]} O-O {[%emt 0:00:58]} 10. Be3 {[%emt 0:01:00]} Nc6 {[%emt 0:00:56]} 11. O-O {[%emt 0:00:39]} a6 {[%emt 0:02:02]} 12. Rc1 {[%emt 0:02:37]} Nxd4 {[%emt 0:04:21]} 13. Bxd4 {[%emt 0:00:21]} b5 {[%emt 0:01:03]} 14. Bxf6 {[%emt 0:12:19]} Bxf6 {[%emt 0:09:26]} 15. Nd5 {[%emt 0:00:09]} Bg5 {[%emt 0:00:18]} 16. Rc3 {[%emt 0:08:24]} Ra7 {[%emt 0:02:31]} 17. f4 {[%emt 0:19:04]} Bh6 {[%emt 0:04:14]} 18. f5 {[%emt 0:01:35]} Kh8 {[%emt 0:18:36]} 19. Rcf3 {[%emt 0:10:36]} gxf5 {[%emt 0:21:40]} 20. Rxf5 {[%emt 0:01:56]} f6 {[%emt 0:01:20]} 21. Qh5 {[%emt 0:19:41]} Bg7 {[%emt 0:01:08]} 22. Qh4 {[%emt 0:00:36]} Rf7 {[%emt 0:04:06]} 23. R1f3 {[%emt 0:03:41]} Qd8 {[%emt 0:10:47]} 24. Rh5 {[%emt 0:04:25]} Bf8 {[%emt 0:06:13]} 25. Nf4 {[%emt 0:03:32]} e5 {[%emt 0:01:20]} 26. Ng6+ {[%emt 0:04:12]} Kg8 {[%emt 0:00:06]} 27. Rg3 {[%emt 0:00:31]} Rg7 {[%emt 0:00:27]} 28. Rxh7 {[%emt 0:02:30]} Rxh7 {[%emt 0:00:37]} 29. Ne7+ {[%emt 0:00:07]} Kf7 {[%emt 0:01:09]} 30. Qxh7+ {[%emt 0:00:07]} Ke8 {[%emt 0:02:18]} 31. Qg6+ {[%emt 0:00:23]} Kd7 {[%emt 0:00:08]} 32. Nd5 {[%emt 0:01:04]} bxc4 {[%emt 0:00:23]} 33. Qf7+ {[%emt 0:01:04]} Be7 {[%emt 0:01:40]} 34. Rg7 {[%emt 0:00:07]} 1-0